000 01055nam a2200325 a 4500
001 000110264
003 CHAP
005 20220329144124.0
008 140807s2012 mx | |r| |||1|||spa|d
010 _a106726
011 _a107698
020 _a9786077180258
040 _cCHAP
082 0 4 _a972.154
_bT75 2012
100 0 0 _aPaso y Troncoso, Francisco del.
_985864
245 1 4 _aLas guerras con las tribus Yaqui y Mayo /
_cpor Francisco del Paso y Troncoso.
250 _a3a. ed.
260 3 _aMéxico, D.F. :
_bComisión Nacional para el Desarrollo de los Pueblos Indígenas,
_c2012.
300 _axxvi, 503 p.
490 0 _aObras fundamentales de la antropología y el indigenismo en México
590 _aE792CSJ
_b05
_c20140807
_lUCH01
_h1201
650 1 4 _aAntropología
_96133
650 1 4 _aConflictos sociales.
_926641
650 1 4 _aIndios de Sonora.
_957662
650 1 4 _aYaquis.
_9122990
830 0 _aObras Fundamentales de la Antropología y el Indigenismo en México
_9127726
901 _aBK
942 _cLIBRO
942 _n0
999 _c106726
_d106726